| 000 | 00896nam a2200193 i 4500 | ||
|---|---|---|---|
| 001 | 121258 | ||
| 003 | ES-MaACL | ||
| 005 | 20230906191723.0 | ||
| 007 | t| | ||
| 008 | 190514s1848 sp r ||||1| spa d | ||
| 100 | 1 |
_aCollette, Carlos. _9167022 |
|
| 245 | 1 | 0 |
_aReconocimiento geológico del Señorio de Vizcaya / _checho de orden de su Diputación Provincial por Carlos Collette. |
| 260 |
_aBilbao : _bDelmás e Hijo, _c1848. |
||
| 300 |
_aXIII, 159 p., [19] p., 1 h. pleg. de mapa. ; _c21 cm. |
||
| 530 | _aDisponible en formato digital. | ||
| 650 | 4 |
_aGeología- _zVizcaya. _9167023 |
|
| 852 |
_aES-MaACL _jB-8924(32) _z.- Legado de Federico de Botella y de Hornos _z.- Encuadernado en un vol. facticio agrupado con el nombre en el lomo: España, geología, memorias y documentos varios 1 a 8 |
||
| 856 |
_uhttp://bdh-rd.bne.es/viewer.vm?id=0000076117&page=1 _zBiblioteca Digital Hispánica |
||
| 999 |
_c121258 _d121258 |
||